Manual de direito administrativo / (Record no. 607)

MARC details
000 -LÍDER
Campo Fixo de Controle 00680nam a2200229 a 4500
001 - NÚMERO DE CONTROLE
Campo de Controle 607
003 - IDENTIFICAÇÃO DO NÚMERO DE CONTROLE
Campo de Controle BR-CuiBMT
005 - DATA E HORA DA ÚLTIMA ATUALIZAÇÃO
Campo de Controle 20231110193620.0
008 - DADOS FIXOS
Dados Fixos 231110s2017 spb 001 0 por d
020 ## - INTERNATIONAL STANDARD BOOK NUMBER
Nº do ISBN 9788597009552
040 ## - AGÊNCIA CATALOGADORA
Código da Agência Catalogadora BR-CuiBMT
Agência que transcreveu o registro BR-CuiBMT
080 ## - Nº DA CLASSIFICAÇÃO DECIMAL UNIVERSAL
Nº edição CDU 2007
Nº Class. CDU 342.9
090 ## - NÚMERO DE CHAMADA
Nº classificação 342.9
Cutter C331m
Ano/Edição 31. ed.
100 1# - ENTRADA PRINCIPAL -- AUTOR PESSOAL
Nome pessoal Carvalho Filho, José dos Santos
245 10 - TÍTULO PRINCIPAL
Título principal Manual de direito administrativo /
Indicação de responsabilidade José dos Santos Carvalho Filho.
250 ## - EDIÇÃO
Edição 31. ed. rev., atual. e ampl.
260 ## - PUBLICAÇÃO, DISTRIBUIÇÃO, ETC.
Local de publicação São Paulo :
Editora Atlas,
Data 2017.
300 ## - DESCRIÇÃO FÍSICA
N. páginas ou volumes 1343 p. ;
Dimensões 23 cm
504 ## - NOTA DE BIBLIOGRAFIA, ETC.
Nota de bibliografia Inclui bibliografia e índice.
650 ## - ASSUNTO TÓPICO
Cabeçalho tópico ou nome geográfico Direito administrativo
Subdivisão geográfica Brasil
942 ## - ELEMENTOS DE ENTRADA ADICIONAIS (KOHA)
Fonte de classificação ou esquema de arquivamento Classificação Decimal Universal
Tipo de item do Koha Livros
Holdings
Estado: removido Estado: perdido Fonte de classificação ou esquema de arquivamento Estado: danificado Indisponível para empréstimo Localização permanente Localização atual Data de aquisição Total Checkouts Número de Chamada completo Código de barras Date last seen Número do exemplar Preço efetivo a partir de Tipo de item (Koha)
    Classificação Decimal Universal     Biblioteca da Escola Superior de Contas do TCE/MT Biblioteca da Escola Superior de Contas do TCE/MT 28/04/2018   342.9 C331m 31. ed. BIBTCEMT23110426 10/11/2023 Ex. 1 10/11/2023 Livros

Powered by Koha